Kanji : la escritura japonesa /

Tallennettuna:
Bibliografiset tiedot
Päätekijä: Torres i Graell, Albert (autor)
Aineistotyyppi: Kirja
Kieli:espanja
Julkaistu: Madrid, España : Hiperión, 1995, c1995
Painos:6a edición
Sarja:(Libros Hiperión ; 72)
Aiheet:
Tagit: Lisää tagi
Ei tageja, Lisää ensimmäinen tagi!

MARC

LEADER 00000nam^a2200000^a^4500
001 000154736
005 20250521000000.0
009 20260310100404.884
020 |a 84-7517-110-9 
037 |a Acervo ITESO - Biblioteca 
041 |a ESP 
082 |a 495. 6  |b TOR 
100 |a Torres i Graell, Albert  |e (autor) 
245 1 0 |a Kanji :  |b la escritura japonesa /  |c A. Torres i Graell ; pról. de Takaaki Keigawa. 
250 |a 6a edición  |b revisada 
264 4 |a Madrid, España :  |b Hiperión,  |c 1995, c1995 
300 |a 252 p. 
336 |a texto  |b txt  |2 rdacontenido 
337 |a sin mediación  |b n  |2 rdamedio 
338 |a volumen  |b nc  |2 rdasoporte 
440 1 |a (Libros Hiperión ;  |v 72) 
585 |a Exposición DIA 2022-10 / Sendero de crisantemos: una mirada a la cultura japonesa 
649 |a XX 
650 |a Ideogramas 
650 |a Comunicación Escrita 
650 |a Comunicación Verbal 
650 |a Japonés 
650 |a Lenguas Orientales 
650 |a Lenguaje y Lenguas 
650 |a Lingüística 
910 |a Fondo General 
920 |a Impresos - Libros 
930 |a Colección General 
905 |a 101 
901 |a 0500086289  |b IT1  |c ACC  |u 20250521 
902 |a https://opac.biblio.iteso.mx/vufind/Record/000154736